=LDR 00000nam 2200000 4500 =001 INLIS000000000043808 =005 20131008103815 =008 ***********************************eng** =035 ##$$0010-101300000001730 =041 ##$$a eng =082 ##$$a 910.095 98 =090 ##$$a R 910.095 98, Der i =100 ##$$a Deribere, Mourice =245 ##$$a Indonesia ( Indonesie ), Mourice Deribere =260 ##$$a [19.?] $b Jakarta =300 ##$$a 160 hlm, ilus, 26 cm =650 ##$$a Indonesia - Geografi =850 ##$$a NBPNMAT